000 00339nam a2200133 i 4500
001 bg
100 1 _aRAZUMOW, I. M.
245 0 _aFluidyzacja i transport pneumatycznych materiałów sypkich /
_cI.M. Razumow.
260 _aWarszawa,
_c1975.
040 _cBPK
041 _apol
942 _cKS
008 s pl f |000 0 pol
999 _c16472
_d16472
856 _uhttp://koha.tu.koszalin.pl/cgi-bin/koha/opac-detail.pl?biblionumber=16472
_yKatalog online BPK